1296 1292 1436 1307 1437 1431 1516 1715 1962 1954 1532 1347 1646 1955 1976 1055 1104 1001 1581 1731 1323 1617 1748 1468 1170 1407 1613 1586 1015 1287 1741 1261 1690 1386 1572 1288 1279 1733 1236 1736 1622 1108 1898 1493 1235 1904 1122 1822 1428 1083 1325 1895 1277 1631 1828 1921 1510 1684 1724 1321 1958 1936 1389 1894 1965 1817 1349 1895 1338 1140 1892 1615 1091 1809 1476 1775 1354 1513 1466 1560 1383 1722 1088 1359 1140 1593 1562 1434 1507 1468 1373 1416 1953 1470 1336 1851 1407 1452 1187 BCNSPRNW ULIB Ver.6.0+V

เปลี่ยนเป็นภาษาไทย

Change to English
 แสดงรายละเอียดบรรณานุกรม
  กลับหน้าหลัก

Brief Record : Get Marc (ISO 2709) : E-mail record : QR code < ปิดหน้าต่าง
LEADER : 00000nam 2200000uu 4500
001    13399120624
003     ULIB
008    120928s2548||||th 000 0 tha d
020    ^a9740500358
060 04 ^aWY152^bจ247ห 2548
110 1  ^aมหาวิทยาลัยมหิดล^bคณะพยาบาลศาสตร์^bภาควิชาการพยาบาลรากฐาน
245 00 ^aหลักการพยาบาลผู้สูงอายุ =^bPrinciple of gerontologicalnursing /^cบรรณาธิการ, จันทนา รณฤทธิวิชัย, วิไลวรรณ ทองเจริญ
246 31 ^aPrinciple of gerontological nursing
260    ^aกรุงเทพฯ :^bภาควิชาการพยาบาลรากฐาน คณะพยาบาลศาสตร์มหาวิทยาลัยมหิดล,^c2548
300    ^a214 หน้า :^bภาพประกอบ ;^c27 ซม.
504    ^aมีบรรณานุกรมและดรรชนี
650  7 ^aการพยาบาลเวชศาสตร์วัยชรา
650  7 ^aผู้สูงอายุ
700 0  ^aจันทนา รณฤทธิวิชัย,^eบรรณาธิการ
700 0  ^aวิไลวรรณ ทองเจริญ,^eบรรณาธิการ
945    ^p200^l0^i13843
945    ^p200^l0^i11938
995    ^aวิภา
999 ^a ใช้งานได้ทุกระบบ
รายการนี้ยังไม่มีแท็ก
คุณยังไม่ได้ล็อกอิน คุณสามารถมีกิจกรรมร่วมกับเว็บไซต์ได้ แต่ต้องล็อกอินก่อน ::
  ล็อกอิน

รายการสื่อสารสนเทศ

ลำดับที่ ประเภท เลขเรียก/บาร์โค้ด สถานที่ สถานะ
1. Book การพยาบาล
Book การพยาบาล
WY152 จ247ห 2548  
  Barcode: 13843
ห้องสมุดวิทยาเขตนครสวรรค์
►หนังสือทั่วไป:l:General Books
ถูกยืม กำหนดส่งวันที่ 11 พฤษภาคม 2558
  จอง
2. Book การพยาบาล
Book การพยาบาล
สถานะ=หนังสือเก่า
WY152 จ247ห 2548 ฉ.9 
  Barcode: 11938
ห้องสมุดวิทยาเขตนครสวรรค์
►หนังสือทั่วไป:l:General Books
บนชั้น

รายการใกล้เคียง
    หัวเรื่อง [การพยาบาลเวชศาสตร์วัยชรา]
    หัวเรื่อง [ผู้สูงอายุ]

BibComment


ยังไม่เคยถูกคอมเมนท์

คอมเมนท์ทรัพยากรรายการนี้
  คอมเมนท์: หลักการพยาบาลผู้..


 Copyright 2026. Bcnsprnw @Library